| 000 | 00564nam a2200145Ia 4500 | ||
|---|---|---|---|
| 008 | 100122s9999 xx 000 0 und d | ||
| 082 |
_b11257 _a823.08 |
||
| 100 | _aजोशी य गो | ||
| 245 | _aतुळशीपत्र आणि इतर लघुकथा | ||
| 260 |
_bमहाराष्ट्र प्रकाशन संस्था _c1937 |
||
| 300 | _a139 | ||
| 630 | _aतुळशीपत्र आणि इतर लघुकथा | ||
| 730 | _aतुळशीपत्र आणि इतर लघुकथा | ||
| 942 | _cBOOK | ||
| 999 |
_c402663 _d402660 |
||